20 pierwszych państw w kolejności alfabetycznej - Statystyki

Ogólne statystyki
  • Ten quiz został rozwiązany 43 razy
  • Średni wynik to 14 z 20
Statystyki odpowiedzi
Odpowiedź % Poprawnych
10 Australia
94%
11 Austria
92%
2 Albania
89%
4 Andora
86%
8 Argentyna
83%
5 Angola
81%
1 Afganistan
78%
3 Algieria
78%
9 Armenia
78%
12 Azerbejdżan
75%
6 Antigua i Barbuda
69%
17 Belgia
69%
7 Arabia Saudyjska
64%
18 Belize
58%
15 Bangladesz
56%
19 Benin
56%
16 Barbados
47%
13 Bahamy
44%
14 Bahrajn
42%
20 Bhutan
36%
Nie znaleziono quizów pasujących do podanych kryteriów
Rozkład punktacji
Procent ludzi z każdym wynikiem
Percentyl według liczby udzielonych odpowiedzi
Twoja historia wyników
Nie rozwiązałeś tego quizu